000 01462nab a2200241 i 4500
001 768714001
003 CO-MdFUSB
005 20240523151705.0
008 240523t1974 sp ||||| |||| 00| 0 spa d
040 _bspa
_cCO-MdFUSB
_dCO-MdFUSB
041 _aspa
100 _aBoff, Leonardo,
_d1938 -.
_eautor
245 _aSalvación en Jesucristo y proceso de liberación
_c/ Leonardo Boff ; traducido por Alfonso de la Fuente
520 _aEl proceso de liberación que remueve todo el Continente se presenta como un lugar hermenéutico a partir del cual se está elaborando esa nueva imagen de Jesucristo. Esta nace, por un lado, de una praxis concreta de liberación, y por otro, del ansia por una liberación efectiva que, a pesar de los fracasos, se vislumbra en el horizonte de lo posible-real. Día a día se va intensificando en la conciencia de importantes grupos latinoamericanos el hecho de que la situación real del Continente es de subdesarrollo, lo cual implica una depen- dencia cultural, política, económica y también religiosa
650 7 _aTeología de la liberación
_9449
650 7 _aCristología
_9239
650 7 _aCristianismo y cultura
_96959
650 0 _aSalvación
_948
700 _aFuente, Alfonso de la, ‎
_etraductor
773 0 _049450
_982676
_oR2586
_tRevista internacional de teología Concilium
_w(CO-MdFUSB)8
_x0210-1041
_gVolumen 96, (junio , 1974), páginas: 375 - 388
_qpáginas: 375
942 _cANA
945 _ac
999 _c69881
_d69881